000 00854nam a2200265 a 4500
001 BRL_876
005 20190320210933.0
008 211013s1982----u--a######---#000-0#eng-#
020 _a0816500835
041 _aeng
044 _au
050 4 _aE78.S7
_b.L44 1968
100 1 _aLee Tanner, Clara
_925215
245 1 0 _aSouthwest Indian Crafts Arts
_cClara Lee Tanner ; photography by Douglas Lindsey [y] E. Tad Nichols.
260 _aTucson, Arizona
_bUniversity of Arizona press
_c1968
300 _a206 p.
_bil. (algunas a color)
_c31 cm.
500 _aAu982
504 _aBibliografía: p. 199-202
650 1 4 _aArte indígena
_zSuroeste de Nuevo México
_925216
650 1 4 _aArtesanias
_zSuroeste de Nuevo México
_925217
700 1 _aLindsey, Douglas
_eil.
_925218
700 1 _aNichols, E. Tad
_eil.
_925219
902 _aGRL
942 _2lcc
_cB
999 _c9688
_d9688